000 00846nam a22002297a 4500
003 UA-OsUOA
001 39827
007 ta
008 20060703b un ||||| |||| 00| 0 ukr d
100 _aКалоева И.А.
090 _a016:008(367)
_bК17
942 _cBK
040 _aUA-OsUOA
_brus
_cUA-OsUOA
_dUA-OsUOA
245 _aСовременные славянские культуры. Развитие, взаимодействие, международный контекст.
300 _a289 с.
955 _a1
041 _arus
080 _a016:008(367)
260 _aМ.
_bАкадемия наук СССр. Институт научной информации по общественным наукам.
_c1979
650 7 _a01 Бібліографія і бібліографії. Каталоги
_2UDC
999 _c325968
_d325968